Score 0/20 Timer 03:00
0 Plays Today
Name Missing Word % Correct
Angelina ________Jolie
91.1%
Kate ________Winslet
85.1%
________ TheronCharlize
84.1%
Bradley ________Cooper
83.4%
Drew ________Barrymore
77.6%
________ AffleckCasey
76.9%
________ SudeikisJason
65.1%
Chelsea ________Handler
59%
________ CotillardMarion
57.5%
________ JovovichMilla
56.2%
Name Missing Word % Correct
Zach ________Braff
52.5%
Johnny ________Galecki
47.5%
________ BialikMayim
46%
Tara ________Reid
38%
Christina ________Hendricks
32%
________ ShepardDax
31.4%
Dulé ________Hill
29.8%
________ DancyHugh
28.6%
________ GreerJudy
22.4%
Linda ________Cardellini
12.5%

Today's Daily Dose

Remove Ads.
Support Sporcle.
Get the best of Sporcle when you Go Orange. This ad-free experience offers more features, more stats, and more fun while also helping to support Sporcle. Thank you for becoming a member.

You're not logged in!

Compare scores with friends on all Sporcle quizzes.
OR
Log In

Show Comments

Extras

Top Quizzes Today


Score Distribution

Your Account Isn't Verified!

In order to create a playlist on Sporcle, you need to verify the email address you used during registration. Go to your Sporcle Settings to finish the process.

Report this User

Report this user for behavior that violates our Community Guidelines.

Details: